| 000 | 00489nam a2200181Ia 4500 | ||
|---|---|---|---|
| 008 | 180921t xxu||||| |||| 00| 0 sin d | ||
| 041 | _asin | ||
| 080 |
_a662.917 _bRAN |
||
| 100 | _aRanaweera, Sarath | ||
| 245 | _aඔබෙි සිරුර හඳුනා ගන්න | ||
| 246 | _aObe sirura hadunaa ganna | ||
| 260 |
_bLassana _aDankoyuwa |
||
| 300 | _a48p., 22 cm | ||
| 650 |
_aHuman Body _aBiology |
||
| 942 | _cBK | ||
| 999 |
_c15470 _d15470 |
||
| 003 | LK-CoDNM | ||
| 040 |
_aLK-CoDNM _dLK-CoDNM _eLK-CoDNM |
||